Does a Dynamic Test of Phonological Awareness Predict Early Reading Difficulties? A Longitudinal Study From Kindergarten Through Grade 1 (Record no. 347468)
[ view plain ]
| 000 -LEADER | |
|---|---|
| fixed length control field | 00541nam a2200133Ia 4500 |
| 008 - FIXED-LENGTH DATA ELEMENTS--GENERAL INFORMATION | |
| fixed length control field | 171207s9999 xx 000 0 und d |
| 100 ## - MAIN ENTRY--PERSONAL NAME | |
| Personal name | Gillert, Anna S. |
| 245 ## - TITLE STATEMENT | |
| Title | Does a Dynamic Test of Phonological Awareness Predict Early Reading Difficulties? A Longitudinal Study From Kindergarten Through Grade 1 |
| 245 ## - TITLE STATEMENT | |
| Statement of responsibility, etc | Anna S. Gellert, Carsten |
| 260 ## - PUBLICATION, DISTRIBUTION, ETC. (IMPRINT) | |
| Date of publication, distribution, etc | 2017 |
| 300 ## - PHYSICAL DESCRIPTION | |
| Extent | pages 227–237, May/June 2017 |
| 440 ## - SERIES STATEMENT/ADDED ENTRY--TITLE | |
| Title | Journal of Learning Disabilities |
| Volume number/sequential designation | 50:3 |
| 650 ## - SUBJECT ADDED ENTRY--TOPICAL TERM | |
| Topical term or geographic name as entry element | DYNAMIC ASSESSMENT, PHONOLOGICAL AWARENESS, READING, PREDICTION |
| Withdrawn status | Lost status | Damaged status | Home library | Current library | Date acquired | Total Checkouts | Date last seen | Price effective from | Koha item type |
|---|---|---|---|---|---|---|---|---|---|
| College Library | College Library | 12/07/2017 | 12/07/2017 | 12/07/2017 | Periodicals |